LEADER 01120nam a2200253 a 4500 001 000000120391 003 CaOOAMICUS 005 20100301102554.0 008 100301t2009 it u000 u ita r 020 $a978-88-308-1019-8 040 $aPUL$bita$dReb 100 1 $aTuroldo, Fabrizio.$0(OLS)http://pul/name/73677 245 10$aBioetica ed etica della responsabilitą :$bdai fondamenti teorici alle applicazioni pratiche /$cFabrizio Turoldo. 260 $aAssisi :$bCittadella,$c©2009. 300 $a134 p. ;$c21 cm. 504 $aBibliografia in nota. 650 4$aMedicina e etica.$0(OLS)http://pul/subject/2869 650 4$aBioetica.$0(OLS)http://pul/subject/2868 850 $aPUL 852 $aPUL$W1$xSL Filosofia 3$y81$m174 TURFA 1$j138028$qDDC 21$B137207$CPULBib$Z2$F137207 $H112897 $82 941 1 $a9 996 $6020$a978-88-308-1019-8$9(OLS)http://pul/number/143444 996 $6245$aBioetica ed etica della responsabilitą :$bdai fondamenti teorici alle applicazioni pratiche$9(OLS)http://pul/title/151415 996 $6260$aAssisi :$bCittadella$9(OLS)http://pul/publisher/49668 LEADER 01176nam a2200289 a 4500 001 000000127417 003 CaOOAMICUS 005 20120131090433.0 008 120131s2011 enk u000 u eng r 020 $z978-0567-37287-1* 040 $aPUL$bita 082 04$a222 100 1 $aBlenkinsopp, Joseph.$0(OLS)http://pul/name/25247 245 10$aCreation, un-creation, re-creation :$ba discursive commentary on Genesis 1-11 /$cJoseph Blenkinsopp. 260 $aLondon :$bT&T Clark,$c2011. 300 $axii, 214 p. ;$c24 cm 500 $aInclude indici. 504 $aBibliografia: p. 191-205. 630 04$aBiblia.$pV.T.$pGenesis.$0(OLS)http://pul/subject/1483 850 $aPUL 852 $aPUL$W1$xSL Religione 3$y85$m222 BLEJO 1$j147402$qDDC 21$B146036$CPULBib$Z2$F146036 $H118657 $82 941 1 $a9 996 $6020$z978-0567-37287-1*$9(OLS)http://pul/number/148750 996 $6082$a222$9(OLS)http://pul/classification/563 996 $6245$aCreation, un-creation, re-creation :$ba discursive commentary on Genesis 1-11$9(OLS)http://pul/title/161004 996 $6260$aLondon :$bT&T Clark$9(OLS)http://pul/publisher/75129